| 000 | 00392nam a22001577a 4500 | ||
|---|---|---|---|
| 005 | 20190606153126.0 | ||
| 008 | 190606b xxu||||| |||| 00| 0 eng d | ||
| 020 | _a978-93-272-8971-8 | ||
| 041 | _aeng | ||
| 100 |
_aGUPTA, SHASHI .K AND SHARMA, R.K. _95056 |
||
| 245 | _aFINANCIAL MANAGEMENT | ||
| 250 | _a8th, ed. 2019 | ||
| 260 | _bKALYANI PUBLICATION | ||
| 300 | _a44.15p, | ||
| 942 | _cBK | ||
| 999 |
_c5959 _d5957 |
||